[Event "WICC qual Moscow 25'+10"]
[Site "FIDE.com"]
[Date "2002.04.18"]
[Round "5"]
[White "Franzen, Thomas"]
[Black "Mitin, Andrej"]
[Result "0-1"]
[WhiteElo "2119"]
[BlackElo "2271"]
[PlyCount "114"]
[EventDate "2002.04.12"]
[EventType "swiss"]
[EventRounds "9"]
[EventCountry "NET"]
[SourceTitle "EXT 2003"]
[Source "ChessBase"]
[SourceDate "2002.11.25"]
[SourceVersion "1"]
[SourceVersionDate "2002.11.25"]
[SourceQuality "1"]

1. Nc3 c5 2. e4 Nc6 3. g3 g6 4. Bg2 Bg7 5. d3 e5 6. Nh3 Nge7 7. f4 d6 8. 0-0 h6 9. Be3 0-0 10. f5 gxf5 11. Qh5 f6 12. Bxh6 Qe8 13. Qxe8 Rxe8 14. Be3 Rd8 15. Rf2 Nd4 16. Raf1 Rb8 17. Nd1 fxe4 18. dxe4 Be6 19. c3 Ndc6 20. Rd2 Bxa2 21. Ndf2 Be6 22. Nd3 b6 23. Nc1 Na5 24. Rdd1 Nc4 25. Rde1 Nxb2 26. Nf2 Nc4 27. Nfd3 d5 28. h3 dxe4 29. Bxe4 Bxh3 30. Rf2 Nd5 31. Rh2 Be6 32. Bh6 Nxc3 33. Bxg7 Nxe4 34. Bh6 Nxg3 35. Rg2 Kh7 36. Rxg3 Rg8 37. Bf4 exf4 38. Rxg8 Rxg8+ 39. Kf2 Bf5 40. Nxf4 Ne5 41. Nd5 Rf8 42. Nf4 Kh6 43. Rh1+ Kg5 44. Kg3 Bg4 45. Nce2 Kf5 46. Rh7 Rf7 47. Rh8 Bxe2 48. Nxe2 Ke4 49. Rh4+ Ke3 50. Nc3 Rg7+ 51. Kh3 Kf3 52. Nd5 Nd3 53. Rh6 Nf2+ 54. Kh4 Rg4+ 55. Kh5 Rg5+ 56. Kh4 Rxd5 57. Rxf6+ Ke3 0-1

[Event "WICC qual Dubai 25'+10"]
[Site "FIDE.com"]
[Date "2002.03.08"]
[Round "6"]
[White "Mitin, Andrej"]
[Black "Sandhu, Harkamal Singh"]
[Result "1-0"]
[WhiteElo "2271"]
[BlackElo "2050"]
[PlyCount "99"]
[EventDate "2002.03.01"]
[EventType "swiss"]
[EventRounds "9"]
[EventCountry "UAE"]
[SourceTitle "EXT 2003"]
[Source "ChessBase"]
[SourceDate "2002.11.25"]
[SourceVersion "1"]
[SourceVersionDate "2002.11.25"]
[SourceQuality "1"]

1. c4 Nf6 2. Nc3 d5 3. d4 g6 4. cxd5 Nxd5 5. e4 Nxc3 6. bxc3 Bg7 7. Nf3 0-0 8. Be2 c5 9. 0-0 cxd4 10. cxd4 Nc6 11. Be3 Bg4 12. d5 Bxa1 13. Qxa1 Na5 14. Bh6 f6 15. Bxf8 Qxf8 16. h3 Bxf3 17. Bxf3 Rc8 18. Bg4 f5 19. exf5 gxf5 20. Bh5 Nc4 21. Re1 b5 22. Qc3 Qf6 23. Qxf6 exf6 24. Re7 a5 25. Rb7 Nd6 26. Rd7 Ne4 27. Bf7+ Kg7 28. f3 Rc1+ 29. Kh2 Nd2 30. d6 Nf1+ 31. Kg1 Ng3+ 32. Kf2 f4 33. Bc4+ Kg6 34. Bd3+ f5 35. Rg7+ Kxg7 36. d7 Ra1 37. d8Q Rxa2+ 38. Ke1 Rxg2 39. Qe7+ Kg8 40. Bxb5 Rc2 41. Bd3 Re2+ 42. Bxe2 Nxe2 43. Kxe2 a4 44. Kd3 a3 45. Qxa3 h5 46. Qe7 h4 47. Kd4 Kh8 48. Ke5 Kg8 49. Kf6 Kh8 50. Qg7# 1-0

[Event "WICC qual Dubai sf 25'+10"]
[Site "FIDE.com"]
[Date "2001.10.03"]
[Round "7"]
[White "Sarthou, Gaetan"]
[Black "Mitin, Andrej"]
[Result "1-0"]
[WhiteElo "2357"]
[BlackElo "2271"]
[PlyCount "143"]
[EventDate "2001.09.26"]
[EventType "swiss"]
[EventRounds "9"]
[EventCountry "UAE"]
[SourceTitle "EXT 2003"]
[Source "ChessBase"]
[SourceDate "2002.11.25"]
[SourceVersion "1"]
[SourceVersionDate "2002.11.25"]
[SourceQuality "1"]

1. d4 d5 2. c4 c6 3. Nf3 Nf6 4. Nc3 dxc4 5. a4 Bf5 6. e3 e6 7. Bxc4 Bb4 8. 0-0 0-0 9. Qe2 Nbd7 10. e4 Bg4 11. Bf4 Nh5 12. Be3 Qf6 13. h3 Bxf3 14. Qxf3 Qxf3 15. gxf3 Rad8 16. Rac1 Nb6 17. Bb3 Nc8 18. Ne2 Rd7 19. Ng3 Nf6 20. f4 Ne7 21. f3 Ba5 22. Kf2 Rfd8 23. Ne2 Bb6 24. Rg1 g6 25. Rg5 a6 26. Rgg1 Kf8 27. Rc2 Ke8 28. Bc4 Bc7 29. b4 Nh5 30. Rb1 Kf8 31. b5 cxb5 32. axb5 a5 33. b6 Bb8 34. Bb5 Rd6 35. Bd2 Rc8 36. Rxc8+ Nxc8 37. Bxa5 Rd8 38. Ke3 Kg8 39. Rc1 Nf6 40. Ba6 Nd6 41. Bd3 Nd7 42. Rc2 Rc8 43. Rc3 Rxc3 44. Nxc3 Nc8 45. Na4 Bd6 46. Bb5 Nb8 47. Nc5 Bxc5 48. dxc5 Ne7 49. Bc3 Kf8 50. Be5 Nec6 51. Bf6 Ne7 52. Be5 Nec6 53. Bd6+ Kg7 54. Ba4 Kf6 55. e5+ Kg7 56. Bxb8 Nxb8 57. Bc2 Nd7 58. Kd4 f5 59. exf6+ Kxf6 60. Be4 Ke7 61. Bxb7 Kd8 62. Bc6 Nf6 63. Ke5 Nh5 64. Be4 Kc8 65. c6 Ng7 66. Bd3 Ne8 67. Ba6+ Kd8 68. Kxe6 Ng7+ 69. Kd6 Ne8+ 70. Ke5 h6 71. h4 h5 72. Bb7 1-0

[Event "RUS-Cup03 Geller Memorial"]
[Site "Moscow"]
[Date "1999.02.07"]
[Round "6"]
[White "Mitin, Andrej"]
[Black "Lobzhanidze, Davit"]
[Result "0-1"]
[WhiteElo "2275"]
[BlackElo "2452"]
[PlyCount "113"]
[EventDate "1999.02.10"]
[EventType "swiss"]
[EventRounds "9"]
[EventCountry "RUS"]
[SourceTitle "CBM 070"]
[Source "ChessBase"]
[SourceDate "1999.06.08"]
[SourceVersion "1"]
[SourceVersionDate "1999.06.08"]
[SourceQuality "1"]

1. c4 g6 2. d4 Bg7 3. Nc3 d6 4. e4 Nf6 5. f3 0-0 6. Be3 Nc6 7. Bd3 e5 8. d5 Nd4 9. Nge2 Nh5 10. Qd2 c5 11. dxc6 bxc6 12. 0-0 f5 13. exf5 gxf5 14. f4 Nxe2+ 15. Nxe2 e4 16. Bc2 Be6 17. Bb3 a5 18. Nd4 Bxd4 19. Bxd4 a4 20. Bd1 Nf6 21. Be2 c5 22. Bc3 Qe7 23. Qe3 h6 24. b4 axb3 25. axb3 Kh7 26. b4 Nd7 27. Rxa8 Rxa8 28. Ra1 Rxa1+ 29. Bxa1 cxb4 30. Qd4 Qf8 31. Bh5 Nc5 32. g3 Nb3 33. Qa7+ Kg8 34. Bg6 Bf7 35. Bxf5 Nxa1 36. Qxa1 Bxc4 37. Bxe4 d5 38. Qd4 Qf7 39. Bf3 Qf5 40. Kg2 h5 41. Qa1 b3 42. Qa8+ Kg7 43. Bd1 Qf6 44. Qa7+ Kh6 45. Qe3 d4 46. Qf3 Qf7 47. Qc6+ Qe6 48. Qxe6+ Bxe6 49. Kf2 Kg6 50. f5+ Kxf5 51. Ke2 b2 52. Bc2+ Ke5 53. Kd2 Ba2 54. Kd3 b1Q 55. Bxb1 Bxb1+ 56. Kc4 Ke4 57. h3 0-1

[Event "RUS-Cup02"]
[Site "Moscow"]
[Date "1998.??.??"]
[Round "5"]
[White "Gagarin, Vasilij"]
[Black "Mitin, Andrej"]
[Result "0-1"]
[WhiteElo "2420"]
[BlackElo "2235"]
[PlyCount "96"]
[EventDate "1998.01.21"]
[EventType "swiss"]
[EventRounds "9"]
[EventCountry "RUS"]
[SourceTitle "CBM 063"]
[Source "ChessBase"]
[SourceDate "1998.03.26"]
[SourceVersion "1"]
[SourceVersionDate "1998.03.26"]
[SourceQuality "1"]

1. d4 d5 2. c4 c6 3. Nc3 Nf6 4. e3 e6 5. Nf3 Nbd7 6. Bd3 dxc4 7. Bxc4 b5 8. Bd3 a6 9. 0-0 c5 10. e4 cxd4 11. Nxd4 Bc5 12. Be3 0-0 13. Be2 Bb7 14. f3 Qb6 15. Qd2 Rfd8 16. Nc2 b4 17. Na4 Bxe3+ 18. Qxe3 Qxe3+ 19. Nxe3 Bc6 20. b3 Bxa4 21. bxa4 a5 22. Bb5 Nb6 23. Rfd1 Rxd1+ 24. Rxd1 Ne8 25. Kf2 Kf8 26. e5 Rc8 27. Rd4 Nc7 28. Bc6 Ncd5 29. Bxd5 Nxd5 30. f4 Rc5 31. g4 g6 32. Kf3 Rc3 33. Kf2 Ra3 34. Nxd5 Rxa2+ 35. Kf3 exd5 36. Rxd5 Rxa4 37. Rb5 Ra3+ 38. Ke4 b3 39. Kd5 a4 40. f5 gxf5 41. gxf5 Ra2 42. e6 fxe6+ 43. fxe6 Rxh2 44. Rb8+ Ke7 45. Rb7+ Kf6 46. Rf7+ Kg6 47. Rf1 Rd2+ 48. Kc4 Re2 0-1

[Event "RUS-Cup02"]
[Site "Moscow"]
[Date "1998.??.??"]
[Round "1"]
[White "Nikolenko, Oleg"]
[Black "Mitin, Andrej"]
[Result "1-0"]
[WhiteElo "2495"]
[BlackElo "2235"]
[PlyCount "69"]
[EventDate "1998.01.21"]
[EventType "swiss"]
[EventRounds "9"]
[EventCountry "RUS"]
[SourceTitle "CBM 063"]
[Source "ChessBase"]
[SourceDate "1998.03.26"]
[SourceVersion "1"]
[SourceVersionDate "1998.03.26"]
[SourceQuality "1"]

1. e4 c5 2. Ne2 d6 3. g3 Nf6 4. Bg2 g6 5. c3 Bg7 6. d4 cxd4 7. cxd4 0-0 8. Nbc3 Nc6 9. 0-0 e5 10. h3 a6 11. Be3 b5 12. Qd2 Bb7 13. Rfd1 Re8 14. d5 Na5 15. b3 Nh5 16. g4 Nf4 17. Nxf4 exf4 18. Bxf4 b4 19. Ne2 Bxa1 20. Rxa1 Qf6 21. Re1 Bc8 22. Qxb4 Nb7 23. Be3 Nc5 24. Bxc5 dxc5 25. Qxc5 Bd7 26. Qd4 Qd6 27. f4 f6 28. g5 fxg5 29. e5 Qf8 30. fxg5 Qf5 31. Nc3 Qxg5 32. e6 Bxe6 33. Ne4 Bxd5 34. Nxg5 Rxe1+ 35. Kf2 1-0